| 000 | 00473nam a2200181Ia 4500 | ||
|---|---|---|---|
| 008 | 220216s9999 xx 000 0 und d | ||
| 100 | _aMathew N M | ||
| 245 | 0 | _aNew promising hybrid clones of rubber (Hevea brasiliensis) | |
| 260 |
_bIndian Rubber Journal _c2003 |
||
| 300 | _a28-29 | ||
| 650 | _aHevea brasiliensis | ||
| 650 | _aHybrid clones | ||
| 650 | _aRRII 400 series | ||
| 650 | _aRubber | ||
| 700 | _aLicy J | ||
| 700 | _aSaraswathyamma C K | ||
| 942 | _cJS | ||
| 999 |
_c63886 _d63886 |
||